| 000 | 00560nam a2200193 a 4500 | ||
|---|---|---|---|
| 001 | 000029533 | ||
| 003 | OSt | ||
| 005 | 20201127092236.0 | ||
| 008 | 110418s20uu dr 000 0 spa d | ||
| 040 |
_aDO-SdBNP _bspa _cBNPHU |
||
| 049 | _aBNPD | ||
| 100 | 1 |
_aRodríguez, Angela _946708 |
|
| 245 | 1 | 0 |
_aLlave de amor / _cAngela Rodríguez. |
| 260 |
_aSanto Domingo : _b[Editora Portada], _c[200-?]. |
||
| 300 |
_a30 p. ; _c21 cm. |
||
| 500 | _aIncluye datos biográficos del autor en la contracubierta | ||
| 590 | _aInventariado, 2020 /LP | ||
| 942 |
_2ddc _cLBS1 |
||
| 999 |
_c29025 _d29025 |
||